Catálogo público

Laboratory techniques for rearing heliothis species on artificial medium / (Record no. 205350)

MARC details
000 -CABECERA
campo de control de longitud fija 00796nam a2200277Ia 4500
001 - NÚMERO DE CONTROL
campo de control Para_6492
003 - IDENTIFICADOR DEL NÚMERO DE CONTROL
campo de control CHAP
008 - DATOS DE LONGITUD FIJA--INFORMACIÓN GENERAL
campo de control de longitud fija 220125s1963 xx 000 0 und d
010 ## - NÚMERO DE CONTROL DE LA BIBLIOTECA DEL CONGRESO
Número de control de LC 205350
040 ## - FUENTE DE LA CATALOGACIÓN
Centro/agencia transcriptor CHAP
090 ## - LOCALMENTE ASIGNADO TIPO-LC NÚMERO DE CLASIFICACIÓN (OCLC); NÚMERO DE CLASIFICACIÓN LOCAL (RLIN)
Número de clasificación (OCLC) (R) ; Numero de clasificación, CALL (RLIN) (NR) PA FOLLETO 500
100 ## - ENTRADA PRINCIPAL--NOMBRE DE PERSONA
Nombre de persona Berger, R.S.
9 (RLIN) 171374
245 ## - MENCIÓN DE TÍTULO
Título Laboratory techniques for rearing heliothis species on artificial medium /
Mención de responsabilidad, etc. by R.S. Berger
260 ## - PUBLICACIÓN, DISTRIBUCIÓN, ETC.
Lugar de publicación, distribución, etc. EUA :
Nombre del editor, distribuidor, etc. Department of Agriculture
300 ## - DESCRIPCIÓN FÍSICA
Extensión 4 h.
440 ## - MENCIÓN DE SERIE/PUNTO DE ACCESO ADICIONAL--TÍTULO
Título Agricultural Research Service ARS-33-84
9 (RLIN) 171375
650 ## - PUNTO DE ACCESO ADICIONAL DE MATERIA--TÉRMINO DE MATERIA
Término de materia o nombre geográfico como elemento de entrada Heliothis virescens
9 (RLIN) 53440
650 ## - PUNTO DE ACCESO ADICIONAL DE MATERIA--TÉRMINO DE MATERIA
Término de materia o nombre geográfico como elemento de entrada Tabaco
Subdivisión general plagas
9 (RLIN) 111234
901 ## - ELEMENTOS DE DATOS A LOCAL LDA (RLIN)
a PA FOLLETO 500
902 ## - ELEMENTOS DE DATOS B LOCAL, LDB (RLIN)
a A
905 ## - ELEMENTOS DE DATOS E LOCAL, LDE (RLIN)
a 0000001963 0000000000 00
910 ## - DATOS DE OPCIÓN DEL USUARIO (OCLC)
Datos de opción del usuario 1963
942 ## - ELEMENTOS DE PUNTO DE ACCESO ADICIONAL (KOHA)
Tipo de ítem Koha Parasitologia_
942 ## - ELEMENTOS DE PUNTO DE ACCESO ADICIONAL (KOHA)
Tipo de ítem Koha Parasitologia_
-- 1
Holdings
Estado de retiro Estado de pérdida Fuente del sistema de clasificación o colocación Estado dañado No para préstamo Código de colección Localización permanente Ubicación/localización actual Ubicación en estantería Fecha de adquisición Información codificada de la localización en otra ubicación Total de préstamos Código de barras Fecha visto por última vez Precio válido a partir de Tipo de ítem Koha Nota pública
    Clasificación Universidad Autónoma de Chapingo     Folletos Parasitologia Agricola Parasitologia Agricola   27/10/2005 PARA   PA_4734 25/01/2022 25/01/2022 Folleto 3